000 00536nam a2200169Ia 4500
999 _c21854
_d21854
003 OSt
005 20200608112427.0
008 190216s9999||||xx |||||||||||||| ||und||
020 _a9789381136768
040 _coclc
082 _a345.54
_bMIS/C
100 _aMishra, Ranjan Kumar
_92615
245 0 _aConstitutional Rights Of Accused And Other Protective Laws /
_cRanjan Kumar Mishra
260 _bAbhijeet Publications,
_c2012.
_aNew Delhi:
300 _a242p
942 _cBK
_2ddc
_h345.54
_iMIS/C
_k345.54
_mMIS/C